• 首页
  • 本馆介绍
  • 公告通知
  • 最新文献
  • 馆藏检索
  • 电子资源
  • 读者导购
  • 参考咨询
  • 我的图书馆
  • 登录
  • 详细信息显示
  • 放入我的书架
  • 预约/预借图书
  • 作者相关作品
  • 分类相关作品
  • 丛书相关作品
  • 出版社相关作品

书目信息

  • 表格格式
  • 工作单格式
  • 卡片格式
题名:
法治政府研究
    
 
作者: 李涛 , 温晓燕 著
分册:  
出版信息: 北京   光明日报出版社  2014
页数: 239页
开本: 24cm
丛书名:
单 册:
中图分类: D035.1
科图分类:
主题词: 国家行政机关--行政管理--研究
电子资源:
ISBN: 978-7-5112-6272-1
000 00929nam0 2200265 450
001 338649
005 20150602094032.95
010    @a978-7-5112-6272-1@dCNY46.00
100    @a20141126d2014 em y0chiy50 ea
101 0  @achi
102    @aCN@b220000
105    @ay z 000yy
106    @ar
200 1  @a法治政府研究@Afa zhi zheng fu yan jiu@f李涛, 温晓燕著
210    @a北京@c光明日报出版社@d2014
215    @a239页@d24cm
300    @a高校学术经典文库
300    @a“陇东学院著作基金”资助
330    @a本书是对法治政府的研究, 共分七章: 法治政府理论源流;法治政府的基本理论;法治政府的生成条件;法治政府建设目标;法治政府与行政立法;法治政府与行政救济;公民意识、公民政治参与与法治政府建设。
606 0  @a国家行政机关@x行政管理@x研究
690    @aD035.1@v5
701  0 @a李涛@Ali tao@c(政治学, @f1976)@4著
701  0 @a温晓燕@Awen xiao yan@f(1978)@4著
801  0 @aCN@b卓展宏图@c20150525
905    @dD035.1@e118@f4
    
    法治政府研究/李涛, 温晓燕著.-北京:光明日报出版社,2014
    239页;24cm
    高校学术经典文库.-“陇东学院著作基金”资助
    
    ISBN 978-7-5112-6272-1:CNY46.00
    本书是对法治政府的研究, 共分七章: 法治政府理论源流;法治政府的基本理论;法治政府的生成条件;法治政府建设目标;法治政府与行政立法;法治政府与行政救济;公民意识、公民政治参与与法治政府建设。
●
相关链接 在E读中查询图书 在五车中查询图书 在当当中查询图书 在豆瓣中查询图书


正题名:法治政府研究     索取号:D035.1/118         预约/预借

序号 登录号 条形码 馆藏地/架位号 状态 备注
1 863026   208630267   第一样本阅览室/ [索取号:D035.1/118] 在馆    
2 863027   208630276   第一借阅区/ [索取号:D035.1/118] 在馆    
3 863028   208630285   第一借阅区/ [索取号:D035.1/118] 在馆    
4 863029   208630294   第一借阅区/ [索取号:D035.1/118] 在馆    
唐山师范学院图书馆 欢迎您!
大连网信软件有限公司© 版权所有